| 000 | 00618cam a2200181 4500 | ||
|---|---|---|---|
| 001 | 2211 | ||
| 005 | 20181127164742.0 | ||
| 008 | 981123s1999 nyu b 001 0 eng | ||
| 010 | _a 98054153 | ||
| 020 | _a0471294543 (cloth : alk. paper) | ||
| 245 | 0 | 4 |
_aThe book of investing wisdom : _bclassic writings by great stock-pickers and legends of Wall Street / _cedited by Peter Krass. |
| 260 |
_aNew York : _bWiley, _c1999. |
||
| 300 |
_axiv, 498 p. ; _c24 cm. |
||
| 504 | _aIncludes bibliographical references (p. 487-490) and index. | ||
| 650 | 0 | _aInvestment analysis. | |
| 650 | 0 | _aSecurities. | |
| 700 | 1 | _aKrass, Peter. | |
| 999 |
_c1750 _d1750 |
||